000 00226nam a2200097Ia 4500
001 656570
005 20250826154558.0
008 250824s9999 xx 000 0 und d
245 0 _aMARTI PONYFEE VE GÖKKUŞAĞI
260 _bMARTI
999 _c656570
_d656570